000 00781nam a2200217 i 4500
001 bg
245 0 0 _aSilniki elektryczne przełączalne.
260 _aWarszawa :
_bOficyna Wydawnicza PW,
_c2001.
300 _a126 s. :
_bil. ;
_c24 cm.
490 1 _aPrace Naukowe / Politechnika Warszawska. Elektryka,
_x0137-2319 ;
_vz. 117
500 _aW nagł. nazwa serii: Prace Naukowe Politechniki Warszawskiej. - Opis wg nagł. - Streszcz. ang. po pracach.
504 _aBibliogr. po pracach.
650 9 _aSilniki elektryczne
_xteoria
650 9 _aSilniki elektryczne
_xbadanie
830 0 _aPrace Naukowe (Politechnika Warszawska).
_pElektryka ;
_vz. 117
040 _cBPK
041 0 _apl
_ben
080 _a621.313.13
942 _cKS
008 s pl f |000 0 pol
999 _c40638
_d40638
856 _uhttp://koha.tu.koszalin.pl/cgi-bin/koha/opac-detail.pl?biblionumber=40638
_yKatalog online BPK